[Event "Sygnity Ekstraliga 2016"]
[Site "Gorzow Wlkp. - Wroclaw - Katowice"]
[Date "1899-12-30"]
[Round "7.20"]
[White "Olszewski, Michal"]
[Black "Antoniewski, Rafal"]
[Result "1-0"]
[WhiteTitle "GM"]
[BlackTitle "GM"]
[WhiteElo "2548"]
[BlackElo "2532"]

1. Nf3 c5 2. c4 Nc6 3. Nc3 Nf6 4. d4 cxd4 5. Nxd4 g6 6. Nc2 Bg7 7. e4 O-O 8. Be2
d6 9. O-O Nd7 10. Bd2 Nc5 11. b4 Ne6 12. Rc1 a5 13. a3 axb4 14. axb4 Ned4 15.
Nxd4 Nxd4 16. Be3 Nxe2+ 17. Qxe2 Be6 18. Rfd1 Qe8 19. c5 dxc5 20. Bxc5 Rc8 21.
Qe3 Rc6 22. h4 Bf6 23. h5 Rc8 24. h6 Rd8 25. Nd5 Bxd5 26. exd5 Qd7 27. d6 exd6
28. Rxd6 Qf5 29. Re1 Rb8 30. Rb6 Bg5 31. Qc3 Bxh6 32. Bxf8 Rxf8 33. Rxb7 Qd5 34.
Qf3 Qc4 35. Ree7 Bf4 36. Red7 Be5 37. g3 h5 38. Qd5 1-0

[Event "Sygnity Ekstraliga 2016"]
[Site "Gorzow Wlkp. - Wroclaw - Katowice"]
[Date "1899-12-30"]
[Round "7.21"]
[White "Bobras, Piotr"]
[Black "Czarnota, Pawel"]
[Result "1/2-1/2"]
[WhiteTitle "GM"]
[BlackTitle "GM"]
[WhiteElo "2518"]
[BlackElo "2537"]

1. e4 c5 2. Nf3 d6 3. d4 cxd4 4. Nxd4 Nf6 5. Nc3 Nc6 6. Bg5 e6 7. Qd2 a6 8. O-O-O
Bd7 9. f4 b5 10. Bxf6 gxf6 11. Kb1 b4 12. Nce2 Qb6 13. Nxc6 Bxc6 14. f5 e5 15.
Ng3 h5 16. h4 Qc5 17. Qe2 Ke7 18. Nxh5 Bb5 19. Qg4 Bh6 20. Rd5 Qc7 21. Qd1 Bc6
22. Bc4 Rac8 23. b3 Bxd5 24. Qxd5 Rh7 25. g4 Be3 26. Rh3 Qc5 27. Qb7+ Rc7 28.
Qb8 Rc8 29. Qb7+ Rc7 30. Qb8 Rc8 1/2-1/2

[Event "Sygnity Ekstraliga 2016"]
[Site "Gorzow Wlkp. - Wroclaw - Katowice"]
[Date "1899-12-30"]
[Round "7.22"]
[White "Warakomski, Tomasz"]
[Black "Jaracz, Pawel"]
[Result "1-0"]
[WhiteTitle "IM"]
[BlackTitle "GM"]
[WhiteElo "2486"]
[BlackElo "2481"]

1. Nf3 Nf6 2. c4 c6 3. b3 d5 4. Bb2 Bg4 5. e3 Nbd7 6. Be2 e6 7. h3 Bh5 8. Nc3 h6
9. Rc1 a6 10. d4 Bd6 11. Bd3 O-O 12. g4 Bg6 13. Bxg6 fxg6 14. Qd3 g5 15. Nd2 Qe7
16. Kd1 e5 17. cxd5 cxd5 18. Nxd5 Nxd5 19. dxe5 Nxe3+ 20. Qxe3 Nxe5 21. Re1 Rae8
22. Qd4 Bb8 23. Rc5 Rf6 24. Qd5+ Re6 25. Bxe5 Kh7 26. Qd3+ Kg8 27. Qc4 b5 28.
Qd5 Kh7 29. Qe4+ Kg8 30. Bxb8 Qxc5 31. Qxe6+ Rxe6 32. Rxe6 Qxf2 33. Bd6 Qd4 34.
Bg3 a5 35. Ke2 a4 36. Re4 Qg1 37. Bf2 Qh1 38. bxa4 bxa4 39. Rxa4 Qxh3 40. Nf3
Qh1 41. Ra8+ Kh7 42. Ra7 Qg2 43. Ra4 Qh1 44. Rd4 Qb1 45. a4 Qa2+ 46. Kf1 g6 47.
Kg2 Kg7 48. Kg3 Qa3 49. Rd7+ Kf8 50. Rd8+ Ke7 51. Rd4 h5 52. Re4+ Kf6 53. Bd4+
Kf7 54. Be3 Qd6+ 55. Kg2 Qd5 56. Nxg5+ Kf6 57. Kg3 Qd6+ 58. Kg2 hxg4 59. Rxg4
Qd3 60. Bf2 Kf5 61. Nf3 Qa3 62. Rc4 Ke6 63. Re4+ Kd6 64. Be1 Qb2+ 65. Bd2 Kd5
66. Rg4 Qb1 67. a5 Qd1 68. Rxg6 1-0

[Event "Sygnity Ekstraliga 2016"]
[Site "Gorzow Wlkp. - Wroclaw - Katowice"]
[Date "1899-12-30"]
[Round "7.23"]
[White "Grabarczyk, Miroslaw"]
[Black "Reza, Wojciech"]
[Result "1/2-1/2"]
[WhiteTitle "GM"]
[BlackTitle "k++"]
[WhiteElo "2445"]
[BlackElo "2266"]

1. d4 Nf6 2. c4 e6 3. Nf3 b6 4. g3 Bb7 5. Bg2 Be7 6. O-O O-O 7. Re1 d5 8. cxd5
exd5 9. Nc3 Na6 10. Bg5 h6 11. Bxf6 Bxf6 12. Qa4 Qe8 13. Qc2 c5 14. Rad1 Rc8 15.
e4 dxe4 16. Nxe4 Bxe4 17. Rxe4 cxd4 18. Qe2 Qa4 19. b3 Qa5 20. Nxd4 Nb4 21. a4
Nd5 22. Nb5 Nc3 23. Nxc3 Qxc3 24. Re3 Qc7 25. Bd5 g6 26. h4 Kg7 27. h5 g5 28.
Qf3 Rfe8 29. Red3 Rcd8 30. Bc4 Rxd3 31. Rxd3 Qe5 32. Kg2 Qe4 33. Rd6 Qxf3+ 34.
Kxf3 Re7 35. Rd5 Bc3 36. Kg4 Be1 37. Rf5 Bc3 38. Kf3 Bf6 39. Rd5 Bc3 40. Ba6 Kf6
41. Kg4 Be1 42. Bc4 Kg7 43. Rf5 Bc3 44. f4 gxf4 45. gxf4 Rd7 46. Kf3 Re7 47. Rd5
Bb4 48. Kg4 Kf6 49. Rd8 Re3 50. Rc8 Re7 51. Rc6+ Kg7 52. Ba6 Bd2 53. Bd3 Rd7 54.
Be4 Be3 55. Kf3 Bd2 56. Kg4 Be3 57. Kf5 Re7 58. b4 Rd7 59. Rc3 Bd2 60. Rg3+ Kf8
61. b5 Rd4 62. Rd3 Rxd3 63. Bxd3 Ke7 64. Ke5 Bc1 65. Bc4 Bd2 66. Bd3 Bc1 67. Be4
Bd2 68. Bb7 Bc1 69. Bc8 Bd2 70. f5 Bc3+ 71. Kf4 1/2-1/2

[Event "Sygnity Ekstraliga 2016"]
[Site "Gorzow Wlkp. - Wroclaw - Katowice"]
[Date "1899-12-30"]
[Round "7.24"]
[White "Warakomska, Anna"]
[Black "Jaracz, Barbara"]
[Result "1-0"]
[WhiteTitle "WIM"]
[BlackTitle "WGM"]
[WhiteElo "2300"]
[BlackElo "2228"]

1. e4 c5 2. Nf3 e6 3. b3 a6 4. Bb2 Nc6 5. c4 b6 6. g3 Bb7 7. Bg2 d6 8. O-O Nf6
9. Re1 e5 10. Nc3 Be7 11. Nd5 O-O 12. Nh4 Nxd5 13. exd5 Nd4 14. Nf3 f5 15. Nxd4
cxd4 16. f4 Bf6 17. Bh3 g6 18. d3 Qd7 19. Qd2 Rae8 20. Ba3 exf4 21. Qxf4 Be5 22.
Qd2 Qc7 23. Rf1 Bc8 24. Rae1 Rf6 25. Bc1 Rff8 26. Qf2 Rf7 27. Kh1 Ref8 28. Bh6
Rd8 29. Re2 Qe7 30. Bf4 Qf6 31. Qe1 g5 32. Bxe5 dxe5 33. Rxe5 f4 34. Bxc8 Rxc8
35. g4 b5 36. Qe4 bxc4 37. bxc4 h6 38. Re6 1-0

[Event "Sygnity Ekstraliga 2016"]
[Site "Gorzow Wlkp. - Wroclaw - Katowice"]
[Date "1899-12-30"]
[Round "7.25"]
[White "Klekowski, Maciej"]
[Black "Kryvoruchko, Yuriy"]
[Result "0-1"]
[WhiteTitle "IM"]
[BlackTitle "GM"]
[WhiteElo "2439"]
[BlackElo "2682"]

1. Nf3 Nf6 2. c4 e6 3. g3 d5 4. d4 Bb4+ 5. Bd2 a5 6. a3 Be7 7. Bg2 O-O 8. Qc2 Nbd7
9. cxd5 exd5 10. Nc3 c6 11. O-O Bd6 12. Nh4 Re8 13. Nf5 Bf8 14. h3 Nb6 15. g4
Nc4 16. Bg5 h6 17. Bxf6 Qxf6 18. e4 Bxf5 19. gxf5 Qxd4 20. exd5 cxd5 21. Rad1
Qh4 22. Rxd5 Rac8 23. Rd7 Bd6 24. Rd1 Bc5 25. Rxb7 Re5 26. Ne4 Bb6 27. Qe2 a4
28. Rc1 Rxe4 29. Qxe4 Qxf2+ 30. Kh1 Nd6 31. Rxc8+ Nxc8 32. Qb1 Nd6 33. Rb8+ Kh7
34. Qf1 Qd4 35. Bc6 Ne4 36. Qe1 Nf2+ 37. Kg2 Nd3 38. Qf1 Qxb2+ 39. Kf3 Ne5+ 40.
Kg3 Nxc6 0-1

[Event "Sygnity Ekstraliga 2016"]
[Site "Gorzow Wlkp. - Wroclaw - Katowice"]
[Date "1899-12-30"]
[Round "7.26"]
[White "Piorun, Kacper"]
[Black "Matuszewski, Michal"]
[Result "0-1"]
[WhiteTitle "GM"]
[BlackTitle "IM"]
[WhiteElo "2676"]
[BlackElo "2468"]

1. e4 c5 2. Nf3 d6 3. d4 cxd4 4. Nxd4 Nf6 5. f3 e5 6. Nb3 a5 7. Bg5 Be7 8. Nc3
O-O 9. Bxf6 Bxf6 10. a4 Be6 11. Nd5 Bg5 12. Bb5 Na6 13. O-O Nb4 14. Nxb4 axb4
15. Qe1 Qb6+ 16. Kh1 Rfc8 17. Bd3 Bc4 18. Bxc4 Rxc4 19. Rf2 h5 20. g3 Rac8 21.
a5 Qa7 22. h4 Bh6 23. Ra4 Rxc2 24. Rxc2 Rxc2 25. Rxb4 Qa6 26. Qd1 Rf2 0-1

[Event "Sygnity Ekstraliga 2016"]
[Site "Gorzow Wlkp. - Wroclaw - Katowice"]
[Date "1899-12-30"]
[Round "7.27"]
[White "Leniart, Arkadiusz"]
[Black "Dragun, Kamil"]
[Result "1/2-1/2"]
[WhiteTitle "IM"]
[BlackTitle "GM"]
[WhiteElo "2488"]
[BlackElo "2599"]

1. d4 Nf6 2. c4 e6 3. Nc3 Bb4 4. Qc2 O-O 5. a3 Bxc3+ 6. Qxc3 d6 7. Bg5 Nbd7 8.
e3 b6 9. Ne2 c5 10. Rd1 Qc7 11. Qc2 Ba6 12. Nc3 Rac8 13. Qa4 Qb7 14. Bxf6 Nxf6
15. dxc5 dxc5 16. f3 Rfd8 17. Bd3 Rd7 18. Kf2 Rcd8 19. Be2 Qc8 20. Rxd7 Nxd7 21.
Rd1 Nb8 22. Rxd8+ Qxd8 23. g3 Qd7 24. Qxd7 Nxd7 25. f4 Kf8 26. b3 Bb7 27. Bf3
Bxf3 28. Kxf3 Nb8 29. Ke4 Nc6 30. Kd3 Ke7 31. Ne4 h6 1/2-1/2

[Event "Sygnity Ekstraliga 2016"]
[Site "Gorzow Wlkp. - Wroclaw - Katowice"]
[Date "1899-12-30"]
[Round "7.28"]
[White "Krasenkow, Michal"]
[Black "Mikrut, Dariusz"]
[Result "1-0"]
[WhiteTitle "GM"]
[BlackTitle "IM"]
[WhiteElo "2610"]
[BlackElo "2376"]

1. d4 Nf6 2. c4 g6 3. Nc3 Bg7 4. e4 d6 5. Nf3 O-O 6. Be2 e5 7. O-O Nbd7 8. Qc2
Nh5 9. Bg5 f6 10. Be3 Nf4 11. Bxf4 exf4 12. Rad1 c6 13. b4 g5 14. c5 dxc5 15.
bxc5 Qe8 16. Rfe1 Kh8 17. h3 b6 18. e5 fxe5 19. Nxg5 Qg6 20. Qxg6 hxg6 21. Ne6
exd4 22. Nxf8 Nxf8 23. Ne4 Be6 24. Bg4 Bd5 25. Rc1 Rd8 26. Nd2 Nd7 27. cxb6 axb6
28. Be6 Ne5 29. Bxd5 Rxd5 30. Nc4 d3 31. Nxe5 d2 32. Nxg6+ Kh7 33. Nxf4 Ra5 34.
Nd3 dxe1=Q+ 35. Nxe1 Rxa2 36. Rxc6 b5 37. Nf3 Ba1 38. Rb6 Rb2 39. h4 b4 40. h5
b3 41. g4 Rb1+ 42. Kg2 b2 43. Ng5+ Kg8 44. h6 Kf8 45. h7 1-0

[Event "Sygnity Ekstraliga 2016"]
[Site "Gorzow Wlkp. - Wroclaw - Katowice"]
[Date "1899-12-30"]
[Round "7.29"]
[White "Barski, Radoslaw"]
[Black "Kanarek, Marcel"]
[Result "0-1"]
[WhiteTitle "k++"]
[BlackTitle "IM"]
[WhiteElo "2333"]
[BlackElo "2535"]

1. e4 c6 2. d4 d5 3. e5 Bf5 4. Nf3 e6 5. Be2 c5 6. Be3 Qb6 7. Nc3 Nc6 8. O-O Qxb2
9. Qe1 cxd4 10. Bxd4 Nxd4 11. Nxd4 Bb4 12. Rb1 Bxc3 13. Rxb2 Bxe1 14. Rxe1 b6
15. Nxf5 exf5 16. Bb5+ Kf8 17. c4 dxc4 18. Bxc4 Rc8 19. Bb5 Rc7 20. Rd2 g5 21.
h4 gxh4 22. a4 Ne7 23. e6 fxe6 24. Rxe6 Kf7 25. Rdd6 Rd8 26. Rh6 Rxd6 27. Rxd6
Ng6 28. a5 Rc5 29. axb6 Rxb5 30. bxa7 Ra5 31. Rd7+ Ne7 32. Kh2 Ra1 33. Rc7 Kf6
34. Rb7 h5 35. Rb6+ Kg5 36. Rb7 Ng6 37. f3 Nf4 38. Re7 Kf6 39. Rh7 Kg6 40. Re7
Nd5 41. Rd7 Ne3 42. g3 Nf1+ 43. Kh3 hxg3 44. Rd1 g2 45. Rd6+ Kg5 46. Kxg2 Ne3+
47. Kf2 f4 0-1

[Event "Sygnity Ekstraliga 2016"]
[Site "Gorzow Wlkp. - Wroclaw - Katowice"]
[Date "1899-12-30"]
[Round "7.30"]
[White "Zawadzka, Beata"]
[Black "Leks, Maria"]
[Result "1/2-1/2"]
[WhiteTitle "WGM"]
[BlackTitle "WCM"]
[WhiteElo "2320"]
[BlackElo "2126"]

1. d4 d5 2. Nf3 Nf6 3. c4 e6 4. Qc2 c6 5. g3 dxc4 6. Qxc4 b5 7. Qc2 Bb7 8. Bg2
Nbd7 9. a4 a6 10. e4 Be7 11. e5 Nd5 12. O-O c5 13. dxc5 Nxc5 14. axb5 axb5 15.
Rxa8 Qxa8 16. Nd4 b4 17. Nd2 O-O 18. N2f3 h6 19. h4 Ba6 20. Rd1 Rc8 21. Bf1 b3
22. Qd2 Bb7 23. Nh2 Qb8 24. Nhf3 Qa8 25. Nh2 Qb8 26. Nhf3 Nb6 27. Qe3 Bd5 28.
Nd2 Nbd7 29. N2f3 Bd8 30. Qf4 Bc7 31. Re1 Nb6 32. Qg4 Bxf3 33. Nxf3 Kh8 34. Qh5
Kg8 35. Bxh6 gxh6 36. Qxh6 Bd8 37. Ng5 Bxg5 38. Qxg5+ Kf8 39. Qh6+ Ke7 40. Qf6+
Kf8 41. Qh6+ 1/2-1/2

[Event "Sygnity Ekstraliga 2016"]
[Site "Gorzow Wlkp. - Wroclaw - Katowice"]
[Date "1899-12-30"]
[Round "8.1"]
[White "Bartel, Mateusz"]
[Black "Kryvoruchko, Yuriy"]
[Result "1/2-1/2"]
[WhiteTitle "GM"]
[BlackTitle "GM"]
[WhiteElo "2640"]
[BlackElo "2682"]

1. d4 Nf6 2. c4 e6 3. Nc3 Bb4 4. Nf3 b6 5. Bd2 Bb7 6. Rc1 O-O 7. e3 c5 8. a3 cxd4
9. exd4 Bxc3 10. Bxc3 Ne4 11. Bd3 d6 12. O-O Nd7 13. Bb4 Ndf6 14. a4 Nh5 15. Nd2
Nef6 16. f4 g6 17. g4 Ng7 18. Qe2 Qd7 19. h3 Rfd8 20. b3 h5 21. g5 Nfe8 22. Kh2
Rab8 23. d5 exd5 24. f5 gxf5 25. Nf3 dxc4 26. Bxc4 d5 27. Bb5 Qe6 28. Nd4 Qxe2+
29. Bxe2 Rbc8 30. Kg3 Nd6 31. Bxd6 Rxd6 32. Bd3 Rdd8 33. h4 Ne6 34. Nxf5 1/2-1/2

[Event "Sygnity Ekstraliga 2016"]
[Site "Gorzow Wlkp. - Wroclaw - Katowice"]
[Date "1899-12-30"]
[Round "8.2"]
[White "Piorun, Kacper"]
[Black "Sadzikowski, Daniel"]
[Result "1/2-1/2"]
[WhiteTitle "GM"]
[BlackTitle "IM"]
[WhiteElo "2676"]
[BlackElo "2548"]

1. c4 c5 2. Nf3 Nc6 3. Nc3 e5 4. g3 g6 5. Bg2 Bg7 6. a3 Nge7 7. O-O O-O 8. Ne1
d6 9. Nc2 Be6 10. Ne3 Qd7 11. b4 cxb4 12. axb4 Nxb4 13. Ba3 Nbc6 14. Rb1 Rfb8
15. Ne4 Nc8 16. Ng5 a6 17. f4 b5 18. fxe5 dxe5 19. Nxe6 fxe6 20. cxb5 axb5 21.
Bc5 Nd6 22. Rc1 Ra6 23. Ng4 b4 24. e3 b3 25. Rb1 b2 26. Qc2 e4 27. Nf6+ Bxf6 28.
Rxf6 Ne5 29. Bxd6 Qxd6 30. Rxb2 Ra1+ 31. Rf1 Rxf1+ 32. Bxf1 Nf3+ 33. Kh1 Rxb2
34. Qxb2 Nxd2 35. Be2 Nf3 36. Qf6 Ne5 37. Kg2 Qd5 38. Qe7 Qd7 39. Qb4 Qd5 40.
Qe7 Qa2 41. Qd8+ Kg7 42. Qe7+ Nf7 43. Kf2 Qd5 44. Bg4 Qd2+ 45. Be2 Qd6 46. Qb7
Qd5 47. Qe7 Qf5+ 48. Kg2 Qg5 49. Qa7 Kf6 50. Qd4+ Qe5 51. Qb4 Nd6 52. Qb8 Kg7
53. Qc7+ Kh6 54. Qb8 Kg7 55. Qc7+ Nf7 56. Qb7 Qd5 57. Qe7 h5 58. Qa7 Kf6 59. Qa1+
Qe5 60. Qa8 Qb2 61. Kf2 Qb1 62. Bf1 Kg7 63. Qc6 Qb2+ 64. Be2 Ne5 65. Qxe6 Ng4+
66. Kg1 Qc1+ 67. Kg2 Nxe3+ 68. Kh3 Qc7 69. Qxe4 Qc8+ 70. g4 hxg4+ 71. Bxg4 Qh8+
72. Kg3 Qb8+ 73. Kf3 Nxg4 74. Kxg4 Qxh2 75. Qe7+ 1/2-1/2

[Event "Sygnity Ekstraliga 2016"]
[Site "Gorzow Wlkp. - Wroclaw - Katowice"]
[Date "1899-12-30"]
[Round "8.3"]
[White "Mastrovasilis, Dimitrios"]
[Black "Dragun, Kamil"]
[Result "0-1"]
[WhiteTitle "GM"]
[BlackTitle "GM"]
[WhiteElo "2606"]
[BlackElo "2599"]

1. e4 e5 2. Nf3 Nc6 3. Bb5 a6 4. Bxc6 dxc6 5. Nc3 f6 6. d4 Bg4 7. dxe5 Qxd1+ 8.
Nxd1 Bxf3 9. gxf3 fxe5 10. Ne3 Bd6 11. h4 Nf6 12. h5 Kf7 13. Ng4 g6 14. Nxf6 Kxf6
15. hxg6 hxg6 16. Rg1 Rh5 17. Be3 g5 18. Ke2 Rg8 19. Rg4 c5 20. b3 Rg7 21. Rag1
b6 22. a4 a5 23. Kd3 Rg6 24. Kc4 c6 25. Kd3 Rg7 26. Ke2 Bc7 27. Bc1 Rg6 28. Bd2
Rg7 29. Bc3 Rhh7 30. Bd2 Rh5 31. Bc3 Rhh7 32. f4 gxf4 33. Rxf4+ Ke6 34. Rxg7 Rxg7
35. Rh4 Rf7 36. Rh6+ Kd7 37. Rh5 Ke6 38. Bd2 Rg7 39. Rg5 Rh7 40. Rg6+ Kd7 41.
Bh6 Rh8 42. Kf3 Bd6 43. c4 Bf8 44. Bxf8 Rxf8+ 45. Kg3 Rf7 46. f3 Rh7 47. Kg4 Rf7
48. Kg3 Rh7 49. f4 Rh1 50. Kg4 Rg1+ 51. Kf5 Rxg6 0-1

[Event "Sygnity Ekstraliga 2016"]
[Site "Gorzow Wlkp. - Wroclaw - Katowice"]
[Date "1899-12-30"]
[Round "8.4"]
[White "Krasenkow, Michal"]
[Black "Wieczorek, Oskar"]
[Result "1/2-1/2"]
[WhiteTitle "GM"]
[BlackTitle "IM"]
[WhiteElo "2610"]
[BlackElo "2432"]

1. Nf3 Nf6 2. c4 g6 3. Nc3 Bg7 4. e4 d6 5. d4 O-O 6. h3 e5 7. d5 a5 8. Bg5 Na6
9. Be2 Nc5 10. Nd2 Bd7 11. Nb3 h6 12. Nxc5 hxg5 13. Nxd7 Nxd7 14. Na4 Nc5 15.
Nxc5 dxc5 16. Rc1 Bf6 17. Bg4 Kg7 18. g3 Rh8 19. Qc2 Qd6 20. Qc3 Be7 21. O-O Qf6
22. Rce1 Bd6 23. f4 gxf4 24. gxf4 Rhe8 25. f5 g5 26. Re2 Rh8 27. Rg2 Rh4 28. Qb3
b6 29. Rf3 Be7 30. Rgf2 Rh6 31. Qe3 Rah8 32. Kf1 Kf8 33. Qb3 Qd6 34. f6 Rxf6 35.
Rxf6 Bxf6 36. Qf3 Kg7 37. Bh5 Qd8 38. Rg2 Rh6 39. h4 Kh8 40. Kg1 gxh4 41. Bxf7
Bg7 42. Qg4 1/2-1/2

[Event "Sygnity Ekstraliga 2016"]
[Site "Gorzow Wlkp. - Wroclaw - Katowice"]
[Date "1899-12-30"]
[Round "8.5"]
[White "Stachowiak, Kamil"]
[Black "Kanarek, Marcel"]
[Result "1/2-1/2"]
[WhiteTitle "IM"]
[BlackTitle "IM"]
[WhiteElo "2410"]
[BlackElo "2535"]

1. d4 Nf6 2. c4 g6 3. Nf3 Bg7 4. g3 O-O 5. Bg2 d6 6. O-O c5 7. Nc3 Nc6 8. d5 Na5
9. Nd2 e6 10. Qc2 exd5 11. cxd5 Bd7 12. a4 a6 13. Re1 b5 14. e4 Re8 15. axb5 axb5
16. Ne2 Qb6 17. h3 b4 18. Kh2 Bb5 19. Nb3 Nxb3 20. Rxa8 Rxa8 21. Qxb3 Nd7 22.
f4 Qa5 23. Ng1 c4 24. Qd1 Nc5 25. Bf1 Re8 26. e5 dxe5 27. fxe5 Rxe5 28. Rxe5 Bxe5
29. Nf3 Bg7 30. Nd4 Ba4 31. Qg4 Nd7 32. Nc6 Qc7 33. Qxc4 Ne5 34. Nxe5 Bxe5 35.
Qxc7 Bxc7 36. Bc4 Bd6 37. Kg2 Bc2 38. Kf3 Kf8 39. Bg5 f5 40. Bf4 Be4+ 41. Ke3
Bc5+ 42. Ke2 Ke7 43. h4 Kd7 44. Bb5+ Ke7 45. Bc4 Bg2 46. Bg5+ Kd7 47. Bf4 Ke7
48. Bg5+ Kd7 49. Bf4 Ke7 1/2-1/2

[Event "Sygnity Ekstraliga 2016"]
[Site "Gorzow Wlkp. - Wroclaw - Katowice"]
[Date "1899-12-30"]
[Round "8.6"]
[White "Zawadzka, Beata"]
[Black "Zawadzka, Jolanta"]
[Result "0-1"]
[WhiteTitle "WGM"]
[BlackTitle "WGM"]
[WhiteElo "2320"]
[BlackElo "2442"]

1. d4 d5 2. Bg5 h6 3. Bh4 c6 4. Nf3 Qb6 5. b3 Bf5 6. e3 e6 7. Bd3 Bxd3 8. Qxd3
Nd7 9. O-O Ne7 10. c4 Nf5 11. Nc3 Nxh4 12. Nxh4 Be7 13. Nf3 f5 14. cxd5 cxd5 15.
Rfc1 O-O 16. Qb5 Qd6 17. Na4 Rab8 18. Nc5 Nxc5 19. Rxc5 a6 20. Qd3 Rfc8 21. Rac1
Qd8 22. R5c3 Bb4 23. R3c2 Ba3 24. Rxc8 Rxc8 25. Rc2 Rc7 26. Qd2 Qc8 27. Ne1 Bd6
28. Rxc7 Qxc7 29. Qc2 Bxh2+ 30. Kf1 Qxc2 31. Nxc2 Bd6 32. f4 Kf7 33. g3 Bc7 34.
Kf2 g5 35. Kg2 Ba5 36. b4 Bc7 37. a4 Bd6 38. Kh3 Kg6 39. Kg2 Kh5 40. Kh3 Kg6 41.
b5 axb5 42. axb5 Bc7 43. Na1 h5 44. Nb3 b6 45. fxg5 Bd8 46. Kg2 Bxg5 47. Kf3 Be7
48. Nc1 h4 49. gxh4 Bxh4 50. Nd3 Bf6 51. Nf4+ Kf7 52. Nd3 Ke7 53. Kf4 Kd6 54.
Nc1 Bg7 55. Nd3 e5+ 56. Kxf5 exd4 57. exd4 Bxd4 58. Kf4 Bg7 59. Kf5 Bc3 60. Kf4
Bd2+ 61. Kf3 d4 62. Ke4 Bc3 63. Ne5 Kc5 64. Kd3 Kxb5 65. Kc2 Ka4 66. Nd3 b5 67.
Nc5+ Kb4 68. Nd3+ Ka3 69. Nc1 b4 70. Kb1 Bd2 71. Nd3 Kb3 72. Nc5+ Kc4 73. Ne4
Bf4 74. Nf2 d3 75. Nd1 Kb3 76. Nf2 Kc3 77. Ne4+ Kd4 78. Nf2 Ke3 79. Nd1+ Ke2 80.
Nb2 Be5 0-1

[Event "Sygnity Ekstraliga 2016"]
[Site "Gorzow Wlkp. - Wroclaw - Katowice"]
[Date "1899-12-30"]
[Round "8.8"]
[White "Matuszewski, Michal"]
[Black "Olszewski, Michal"]
[Result "1/2-1/2"]
[WhiteTitle "IM"]
[BlackTitle "GM"]
[WhiteElo "2468"]
[BlackElo "2548"]

1. d4 Nf6 2. Bg5 e6 3. e4 h6 4. Bxf6 Qxf6 5. Nf3 c5 6. c3 Nc6 7. d5 Ne5 8. Be2
Nxf3+ 9. Bxf3 d6 10. O-O Be7 11. Nd2 O-O 12. Re1 Rd8 13. a4 Bf8 14. Nc4 exd5 15.
Qxd5 Be6 16. Qd3 Qg6 17. Rad1 Rab8 18. g3 f6 19. Ne3 Qe8 20. Nd5 Rdc8 21. b4 cxb4
22. cxb4 Qxa4 23. e5 Qc2 24. Qxc2 Rxc2 25. exd6 Bf7 26. Ne3 Rb2 27. Rd4 Rd8 28.
Nf5 g6 29. Ne7+ Kg7 30. Bxb7 a5 31. Bc6 Rxb4 32. Rxb4 axb4 33. d7 Bxe7 34. Rxe7
Kf8 35. Re4 b3 36. Rb4 Ke7 1/2-1/2

[Event "Sygnity Ekstraliga 2016"]
[Site "Gorzow Wlkp. - Wroclaw - Katowice"]
[Date "1899-12-30"]
[Round "8.10"]
[White "Mikrut, Dariusz"]
[Black "Warakomski, Tomasz"]
[Result "1-0"]
[WhiteTitle "IM"]
[BlackTitle "IM"]
[WhiteElo "2376"]
[BlackElo "2486"]

1. d4 Nf6 2. c4 e6 3. Nf3 Bb4+ 4. Nbd2 b6 5. e3 Bb7 6. Bd3 c5 7. O-O cxd4 8. Nxd4
O-O 9. a3 Be7 10. e4 d6 11. b3 Nc6 12. Nxc6 Bxc6 13. Bb2 Nd7 14. f4 Bf6 15. Qb1
Bxb2 16. Qxb2 Nc5 17. Bc2 d5 18. cxd5 exd5 19. e5 d4 20. b4 Na4 21. Bxh7+ Kxh7
22. Qc2+ d3 23. Qxc6 Qd4+ 24. Kh1 Qc3 25. Qe4+ Kg8 26. Nf3 d2 27. Ng5 g6 28. f5
Qxa1 29. Rxa1 Rac8 30. h3 Rc1+ 31. Kh2 d1=Q 32. Rxc1 Qxc1 33. Qh4 1-0

[Event "Sygnity Ekstraliga 2016"]
[Site "Gorzow Wlkp. - Wroclaw - Katowice"]
[Date "1899-12-30"]
[Round "8.14"]
[White "Antoniewski, Rafal"]
[Black "Dziuba, Marcin"]
[Result "1/2-1/2"]
[WhiteTitle "GM"]
[BlackTitle "GM"]
[WhiteElo "2532"]
[BlackElo "2566"]

1. e4 c5 2. Nf3 d6 3. d4 cxd4 4. Nxd4 Nf6 5. Nc3 a6 6. g3 e5 7. Nde2 Be7 8. Bg2
O-O 9. O-O Be6 10. h3 Nbd7 11. a4 b5 12. axb5 axb5 13. Rxa8 Qxa8 14. Nxb5 Nxe4
15. Nc7 Qa4 16. b3 Qc6 17. Nxe6 fxe6 18. c4 Ndf6 19. Qc2 d5 20. Nc3 Nxc3 21. Qxc3
Qc7 22. Bd2 Bc5 23. cxd5 exd5 24. b4 Bb6 25. Qxc7 Bxc7 26. Rc1 Bb6 27. Rc6 Bd4
28. g4 h6 29. b5 Ra8 30. Ra6 Rb8 31. Bf1 Ne4 32. Be3 Bxe3 33. fxe3 Kf7 1/2-1/2

[Event "Sygnity Ekstraliga 2016"]
[Site "Gorzow Wlkp. - Wroclaw - Katowice"]
[Date "1899-12-30"]
[Round "8.15"]
[White "Weichhold, Pawel"]
[Black "Bobras, Piotr"]
[Result "1/2-1/2"]
[WhiteTitle "IM"]
[BlackTitle "GM"]
[WhiteElo "2395"]
[BlackElo "2518"]

1. e4 e5 2. Nf3 Nc6 3. Bb5 a6 4. Ba4 Nf6 5. O-O Be7 6. Re1 b5 7. Bb3 O-O 8. c3
d5 9. exd5 Nxd5 10. Nxe5 Nxe5 11. Rxe5 c6 12. d4 Bd6 13. Re1 Qh4 14. g3 Qh3 15.
Be3 Bg4 16. Qd3 Rae8 17. Nd2 Re6 18. Qf1 Qh5 19. a4 Rfe8 20. axb5 axb5 21. Ra6
Bh3 22. Qe2 Bg4 23. Qf1 Bh3 24. Qe2 Bg4 25. Qf1 Bh3 1/2-1/2

[Event "Sygnity Ekstraliga 2016"]
[Site "Gorzow Wlkp. - Wroclaw - Katowice"]
[Date "1899-12-30"]
[Round "8.20"]
[White "Mista, Aleksander"]
[Black "Sliwerski, Radoslaw"]
[Result "1-0"]
[WhiteTitle "GM"]
[BlackTitle "k++"]
[WhiteElo "2593"]
[BlackElo "2089"]

1. e4 c5 2. Nf3 d6 3. Bb5+ Bd7 4. Bxd7+ Qxd7 5. c4 Nc6 6. d4 cxd4 7. Nxd4 Nf6 8.
Nc3 g6 9. b3 Bg7 10. Bb2 O-O 11. O-O e6 12. Rc1 Rfd8 13. Nxc6 bxc6 14. Qf3 d5
15. e5 Ne8 16. Na4 d4 17. Rfe1 Qc7 18. Qe4 c5 19. Ba3 Bf8 20. Rcd1 Rac8 21. Rd3
Ng7 22. Bc1 Nf5 23. Bg5 Rd7 24. g4 Ne7 25. Bf6 Nc6 26. Rh3 Qa5 27. Rd1 Nb4 28.
a3 Na2 29. Qc2 1-0

[Event "Sygnity Ekstraliga 2016"]
[Site "Gorzow Wlkp. - Wroclaw - Katowice"]
[Date "1899-12-30"]
[Round "8.21"]
[White "Cyborowski, Lukasz"]
[Black "Simacek, Pavel"]
[Result "1/2-1/2"]
[WhiteTitle "GM"]
[BlackTitle "IM"]
[WhiteElo "2518"]
[BlackElo "2463"]

1. d4 Nf6 2. c4 d6 3. Nc3 e5 4. d5 Be7 5. e4 O-O 6. Bd3 c6 7. Nge2 a6 8. O-O cxd5
9. cxd5 Nh5 10. Be3 Bg5 11. Qd2 h6 12. Rac1 Nd7 13. b4 Bxe3 14. Qxe3 Qg5 15. Qxg5
hxg5 16. g3 Nb6 17. f3 Bd7 18. Rc2 Rfc8 19. Rfc1 Nf6 20. Nd1 Rxc2 21. Rxc2 Rc8
22. Rxc8+ Bxc8 23. Ne3 Bd7 24. Nc3 Kf8 25. Bc2 Ne8 26. a4 Nc7 27. Kf2 g6 28. g4
Ke7 29. Kg3 Kf6 30. Bb3 Ke7 31. h4 Kf6 32. Ned1 Ne8 33. Nf2 Ng7 34. Nh3 gxh4+
35. Kxh4 Nc8 36. Bc2 Nb6 37. Bb3 Nc8 38. Nd1 Nb6 39. Nc3 1/2-1/2

[Event "Sygnity Ekstraliga 2016"]
[Site "Gorzow Wlkp. - Wroclaw - Katowice"]
[Date "1899-12-30"]
[Round "8.22"]
[White "Sieciechowicz, Marcin"]
[Black "Nurkiewicz, Maciej"]
[Result "1-0"]
[WhiteTitle "IM"]
[BlackTitle "m"]
[WhiteElo "2437"]
[BlackElo "2378"]

1. d4 Nf6 2. c4 g6 3. Nc3 d5 4. cxd5 Nxd5 5. e4 Nxc3 6. bxc3 Bg7 7. Bc4 c5 8. Ne2
Nc6 9. Be3 O-O 10. O-O Bg4 11. f3 Bd7 12. Rb1 Qc7 13. Bf4 Qc8 14. d5 Na5 15. Bd3
a6 16. Qd2 b5 17. Bh6 e6 18. Ng3 Qd8 19. Bxg7 Kxg7 20. Rbd1 exd5 21. exd5 f5 22.
Rfe1 Qf6 23. Qf4 Rac8 24. Re5 c4 25. Bc2 Rfe8 26. Rde1 Rxe5 27. Rxe5 Nb7 28. Qd4
Kf7 29. f4 Qd6 30. Bxf5 Bxf5 31. Nxf5 Qc5 32. Qxc5 Rxc5 33. Nd4 Rc7 34. Ne6 Rd7
35. Ng5+ Kf6 36. Ne4+ Kf7 37. Kf2 a5 38. a3 h6 39. Ke3 1-0

[Event "Sygnity Ekstraliga 2016"]
[Site "Gorzow Wlkp. - Wroclaw - Katowice"]
[Date "1899-12-30"]
[Round "8.23"]
[White "Protaziuk, Grzegorz"]
[Black "Zawadzki, Stanislaw"]
[Result "1/2-1/2"]
[WhiteTitle "m"]
[BlackTitle "IM"]
[WhiteElo "2344"]
[BlackElo "2431"]

1. e4 c5 2. Nf3 Nc6 3. d4 cxd4 4. Nxd4 Nf6 5. Nc3 d6 6. Bg5 e6 7. Qd2 a6 8. O-O-O
h6 9. Be3 Be7 10. f3 Qc7 11. Kb1 Nxd4 12. Qxd4 e5 13. Qb6 Qxb6 14. Bxb6 Be6 15.
Nd5 Nxd5 16. exd5 Bd7 17. c4 O-O 18. Be2 f5 19. Rhe1 Rfc8 20. Bf1 Kf7 21. b3 g5
22. h3 h5 23. Bd3 Kf6 24. Kb2 Bd8 25. Bg1 Ba5 26. Re2 Bb4 27. a3 Bc5 28. Bxc5
dxc5 29. Rde1 Re8 30. b4 Rac8 31. Kb3 b6 32. Rb2 h4 33. a4 a5 34. bxa5 bxa5 35.
Kc3 Rb8 36. Reb1 Rb4 37. Bc2 Reb8 38. Rxb4 axb4+ 39. Kd3 Ra8 40. Ra1 Ra5 41. Ke3
Be8 42. Rd1 Bd7 43. Ra1 Be8 1/2-1/2